Commonest Shakespeare Words Quiz Stats

 Plays Quiz Updated Nov 15, 2011

Challenge
Share
Tweet
Embed
Score 0/200 Timer 20:00
2 Plays Today
Count Word % Correct
1148th'
98.7%
14545a
95.7%
27378the
95%
20168I
93.9%
2266O
91.6%
6259he
85.5%
1840an
83.5%
6866be
83.3%
13629you
83.2%
19660to
81.3%
3297we
80.8%
3797no
80.7%
5489thou
80.7%
9136is
78.4%
2215she
77.5%
10996in
75.2%
7776me
75.1%
26083and
75.1%
3753do
74.5%
2108love
74.4%
7578for
74.4%
3062on
73.7%
3849her
73.5%
8510not
73.4%
1738go
70.9%
7692it
70.9%
1235where
70.4%
17473of
69%
5056so
68.4%
2051when
66%
12489my
65.8%
2473they
64.3%
3405are
63.8%
4469what
63.7%
10915that
63.4%
2871king
61.6%
1476why
61.4%
6657your
61%
1209who
60.5%
1209can
60.4%
2429or
60.4%
6859his
59%
4975will
58.5%
2164how
58.3%
1814there
57.5%
1876man
56.6%
5743as
56.2%
1789one
55.5%
3180thee
54.7%
5885have
54.6%
946queen
54.1%
4034thy
53.8%
713two
53.8%
3500if
53.4%
6277but
53.3%
2075their
52.8%
6604this
52.6%
900day
51.7%
1440see
51.6%
3061our
51.5%
5205him
51.4%
2294would
51.3%
2230was
51.3%
1577were
50.5%
624could
50.5%
2168am
50.2%
1091up
49.7%
Count Word % Correct
3922all
49.4%
2513at
49.3%
1235too
48.8%
2223then
48.7%
2640from
48.5%
1620us
48.3%
792night
48.2%
1980them
47.2%
1573should
47.2%
3589shall
47.1%
1165mine
46.9%
915art
46.8%
3769by
46.5%
7777with
46.2%
1414out
45.3%
608ever
44.7%
872hear
44.5%
743prince
44.4%
1685say
43.4%
2518come
43%
868death
42.7%
865lady
42.5%
1785like
42.2%
1427had
40.3%
2833good
39.6%
840father
38.1%
2292more
38%
661down
37.3%
1628did
37.2%
1073time
36.9%
702son
36.4%
3062lord
36%
2122here
35.9%
845life
35.9%
2788now
35.8%
1019never
35.8%
1880than
35.7%
1337some
35.5%
1198take
35%
1404'tis
34.7%
631though
34.7%
1330give
33.9%
794God
33.6%
866men
33.4%
1638may
33.2%
1323these
32.4%
545those
32.1%
1649know
31.9%
1010heart
31.3%
698been
31.2%
1631make
30.5%
851hand
30.1%
705any
29.9%
969nor
29.8%
836before
29.2%
1026think
28.9%
2321which
28.4%
639into
28.3%
2105let
28.1%
768fair
27.9%
2240well
27.7%
2762sir
27.7%
1491must
27.1%
651done
26.7%
827look
26%
761cannot
25.7%
1169speak
25.4%
Count Word % Correct
565house
25.1%
570even
25%
657name
24.7%
713old
24.7%
1182most
24.5%
940doth
24.2%
1169first
24.1%
682eyes
23.8%
1731upon
23.4%
1577yet
23.2%
669other
23.2%
565brother
23.2%
1037much
23.1%
576many
23%
1745I'll
22.9%
629world
22.8%
1069tell
22.6%
665blood
22.1%
567way
21.8%
834made
21.7%
813very
21.7%
914great
21%
635nothing
20.8%
621heaven
20.5%
564Henry
20.5%
1942hath
20.4%
781thus
20.4%
769again
20.4%
1071duke
20.1%
818true
19.3%
801sweet
18.8%
2350enter
18.2%
767ay
18%
584hast
17.5%
554call
17.5%
656leave
16.8%
860away
16.7%
571second
16.5%
615noble
16.4%
984exit
16.2%
629poor
16.1%
771own
16.1%
664being
16%
1397such
15.8%
734pray
15.3%
594better
15%
589nay
14.3%
618whose
13.9%
595against
13.6%
644both
13.4%
563still
13.2%
544John
12.8%
627fear
12.6%
617till
12.6%
567myself
12.4%
570stand
11.7%
543bear
11.3%
799scene
11.2%
616comes
10.7%
1035exeunt
10.4%
627therefore
10.1%
539peace
10%
777master
9.6%
573honour
8.5%
573Gloucester
7.2%
577grace
6.8%

You're not logged in!

Compare scores with friends on all Sporcle quizzes.
OR
Log In

You Might Also Like...

Show Comments

Extras

Top Quizzes Today


Score Distribution

Your Account Isn't Verified!

In order to create a playlist on Sporcle, you need to verify the email address you used during registration. Go to your Sporcle Settings to finish the process.

Report this User

Report this user for behavior that violates our Community Guidelines.

Details: